000 00832nam a2200229Ii 4500
003 JO-AjNU
008 230605s9999||||xx |||||||||||||| ||und||
017 _a2001/10/2234
020 _a9957-11-238-4
040 _aJO-AjNU
_bara
_erda
_cJO-AjNU
041 _aara
050 1 4 _aHF5438.25.S37.2002
100 3 _aالصيرفي،محمد,
_eauthor
_933005
245 0 0 _aالبيع الشخصي:دراسة للمهارات الواجب توافرها في رجل البيع:دليل المهارات، ج2
250 _aط1
264 3 1 _aعمان:دار وائل للنشر والتوزيع؛2002
300 _aج2، 484ص
_bيحتوي على ببلوغرافية من ص475-484ص
336 _atext
_btxt
_2rdacontent
337 _aunmediated
_bn
_2rdamedia
338 _avolume
_bnc
_2rdacarrier
650 4 _aالبيع
_933006
999 _aA13388
_c16956
_d16956